[Event "Chigorin Memorial 07th"]
[Site "St Petersburg"]
[Date "1999.11.10"]
[Round "9"]
[White "Tunik, Gennady"]
[Black "Soldatenkov, Kusma"]
[Result "1-0"]
[WhiteElo "2447"]
[BlackElo "2335"]
[Annotator "Huebner,R"]
[PlyCount "115"]
[EventDate "1999.11.02"]
[EventType "swiss"]
[EventRounds "9"]
[EventCountry "RUS"]
[SourceTitle "CBM 074"]
[Source "ChessBase"]
[SourceDate "2000.02.01"]
[SourceVersion "1"]
[SourceVersionDate "2000.02.01"]
[SourceQuality "1"]

1. d4 d5 2. c4 c6 3. Nf3 Nf6 4. Nc3 dxc4 5. a4 Bf5 6. Ne5 Na6 7. f3 Nd7 8. Nxc4
e5 9. e4 exd4 10. Qxd4 $6 ({Die Hauptvariante lautet} 10. Ne2 Bb4+ 11. Kf2 Bc5
12. exf5 d3+ 13. Kg3 dxe2 14. Qxe2+ Kf8 $13 {G. Kuz'min-Bagirov, Taschkent
1984 (Inf. 38/477), siehe Z. Ribli, Slawisch D16-19 (Informatormonographie), D
17/39, Fußnote 262.}) 10... Nb4 11. Qd1 Be6 12. Be2 Nc5 (12... Bc5 {sieht auch
sehr gut aus:} 13. Bf4 O-O 14. Nd6 Qf6 15. Bg3 Bd4 16. Ra3 Nc5 17. f4 Rad8 18.
e5 Qg6 $19 {[...] . 0-1 Vnukov,V-Ljukin,S/Yalta 1996/EXT 98 (33)}) 13. O-O Ncd3
(13... Qxd1 14. Rxd1 Nb3 15. Rb1 Bc5+ 16. Kh1 Nxc1 17. Rbxc1 {1/2-1/2
Grabarczyk,M-Gisbrecht,E/Pardubice 1995/EXT 97 (17)}) 14. Ne3 Bc5 15. Kh1 Qd4
$2 ({Zum sofortigen Gewinn führt} 15... Nxc1 16. Qxc1 Bxe3 17. Qxe3 Nc2 $19)
16. Bxd3 Nxd3 17. Ne2 Qd6 18. Ng3 O-O-O 19. Qe2 g6 20. Nd5 Nxc1 21. Rfxc1 (21.
Raxc1 {ist vielleicht etwas besser, obwohl Schwarz nach} Bxd5 22. exd5 Qxd5 23.
Rfd1 Bd4 $17 {vorzügliche Gewinnaussichten besitzt.}) 21... Kb8 $2 (21... Bxd5
22. exd5 Qxd5 $17 23. Ne4 Bd4 {war einfach genug.}) 22. Qc2 Bd4 23. Rd1 Be5 $6
{Schwarz erlaubt die Halbierung seines Läuferpaares. Nach} (23... Bg7 24. Nc3
Qb4 {hätte er immer noch beträchtlichen Vorteil besessen.}) 24. Nf4 Qb4 25.
Nxe6 ({Auch nach} 25. Rxd8+ Rxd8 26. Nd3 Qd4 27. Nxe5 Qxe5 28. Ne2 f5 {behält
Schwarz Vorteil.}) 25... fxe6 26. Rab1 Rxd1+ 27. Qxd1 Kc7 28. Nf1 Rd8 29. Qc2
Qd6 30. Re1 Qd4 31. b3 Qc3 32. Qf2 (32. Qb1 Rd3 33. Rd1 Rxd1 34. Qxd1 Kb6 {
ist ebenfalls höchst unbequem für Weiß.}) 32... Qxb3 33. Qxa7 Qb6 $2 (33... Bc3
34. Qe3 (34. Rc1 Qb2 35. Qe3 Bd2 {ist nicht besser für Weiß.}) 34... Rd1 {
führt zu sofortigem Gewinn.}) 34. Qxb6+ Kxb6 35. g3 Ka5 36. f4 Bd4 37. Rb1 b6
$6 {Schwarz ist sorglos. Nach} (37... Rd7 {wäre die Partie bald zu Ende
gewesen.}) 38. Rc1 Bc5 $2 {Schwarz blockiert seine eigenen Freibauern; Jetzt
erhält Weiß ernsthafte Gegenchancen. Nach} (38... c5 39. Rc4 Bg7 40. Kg2 Rd3 {
hätte Schwarz immer noch mühelos gewonnen.}) 39. Kg2 Rd4 40. Kf3 Rxa4 41. e5
Kb5 42. Nd2 Ra3+ 43. Kg4 Ra2 44. Ne4 Bb4 ({Die Folgen von} 44... Rxh2 45. Nxc5
bxc5 46. Kg5 {sind keineswegs klar.}) 45. h4 c5 46. Kg5 Re2 47. Nd6+ Kc6 48.
Kf6 Be1 49. g4 Bxh4+ 50. Kxe6 Bg3 51. Rf1 g5 52. Kf5 Bxf4 53. Ne4 c4 54. e6 Bd6
55. Rd1 Bb4 56. Rd8 Kb5 $2 (56... c3 57. Rc8+ Kd5 {genügt noch zum Sieg.}) 57.
Rc8 Bc5 $4 (57... Re3 58. Rc7 Rf3+ 59. Ke5 ({Ob die Stellung, die nach} 59.
Kxg5 h6+ 60. Kxh6 Rf4 61. Ng5 Rxg4 62. e7 Bxe7 63. Rxe7 {entsteht, für Weiß zu
halten ist, weiß ich nicht.}) 59... Rf8 60. Nxg5 {führt zu einer Stellung, die
für Weiß nicht mehr verloren sein dürfte.}) 58. Nc3+ 1-0

[Event "WchT 6th"]
[Site "Beersheba"]
[Date "2005.11.02"]
[Round "2.4"]
[White "Anastasian, Ashot"]
[Black "Gagunashvili, Merab"]
[Result "1-0"]
[WhiteElo "2596"]
[BlackElo "2542"]
[Annotator "Huebner,R"]
[PlyCount "87"]
[EventDate "2005.11.01"]
[EventType "team-tourn"]
[EventRounds "9"]
[EventCountry "ISR"]
[SourceTitle "CBM 110"]
[Source "ChessBase"]
[SourceDate "2006.01.31"]
[SourceVersion "1"]
[SourceVersionDate "2006.01.31"]
[SourceQuality "1"]
[WhiteTeam "Armenia"]
[BlackTeam "Georgia"]
[WhiteTeamCountry "ARM"]
[BlackTeamCountry "GEO"]

1. d4 d5 2. c4 c6 3. Nc3 Nf6 4. Nf3 dxc4 5. a4 Bf5 6. Ne5 Nbd7 7. Nxc4 Qc7 8.
Bg5 e5 9. e3 Be7 10. Bd3 Be6 11. O-O O-O 12. Bh4 exd4 13. Bg3 Qd8 14. exd4 Bxc4
{Die Aufgabe des Läuferpaars erscheint mir unnötig, wenn sie auch keinen
großen Schaden anrichtet, weil Schwarz das Feld d5 fest in der Hand hält.} ({
Einfacher ist} 14... a5 {mit ausgeglichener Stellung.}) 15. Bxc4 Nb6 16. Bb3 a5
17. Re1 Qd7 18. Qf3 Nbd5 19. Be5 Rfe8 20. h3 Bf8 21. g4 Nxc3 $6 (21... h6 {
sieht plausibler aus.}) 22. bxc3 Nd5 23. c4 Nb4 24. c5 Nd5 25. g5 $6 {Dieser
Zug ist mir nicht ohne weiteres verständlich. Nach} (25. Rab1 {hat Weiß
einigen Druck.}) 25... Re6 (25... Rad8) 26. Bg3 Rae8 27. Rxe6 Qxe6 28. Bxd5
cxd5 29. Rb1 Re7 (29... Qxh3 30. Qxd5 {ist auch einigermaßen unbequem für
Schwarz;}) (29... Qd7 30. Qg4 {ist auch nicht ganz befriedigend für ihn.}) 30.
h4 Rd7 31. Rb6 Qe4 32. Qc3 h6 33. c6 $6 {Nach diesem Zug sollte Weiß keinen
nennenswerten Vorteil mehr haben, denn er löst die Schwäche b7 auf. Nach} (33.
Rb5 {bleibt die Lage des Schwarzen schwierig.}) 33... bxc6 34. Rb8 hxg5 35.
hxg5 Qe7 ({Zum Ausgleich führt} 35... f5 36. Qxc6 Rf7 37. Re8 Qxd4 38. g6 Rf6
39. Re6 Kh8) 36. Qxa5 Qxg5 $2 (36... Rb7 {sollte zum Erreichen des
Unentschieden genügen.}) 37. Qa8 $18 Qe7 38. Re8 Qb4 39. Kg2 ({Ungenau ist} 39.
Qxc6 {denn nach} Re7 {scheitert} 40. Bd6 {an} Qe1+) 39... f5 40. Qxc6 Rf7 41.
Qxd5 {Schwarz kann sich nun aus seinen zahlreichen Fesselungen nicht mehr
befreien.} Qxa4 ({Nicht mehr Hoffnung bietet} 41... Qb7 42. Qxb7 Rxb7 43. Bd6)
42. Rxf8+ Kxf8 43. Qd8+ Qe8 44. Bd6+ 1-0

[Event "WchT 6th"]
[Site "Beersheba"]
[Date "2005.11.04"]
[Round "4.3"]
[White "Eljanov, Pavel"]
[Black "Morozevich, Alexander"]
[Result "1/2-1/2"]
[WhiteElo "2663"]
[BlackElo "2707"]
[Annotator "Huebner,R"]
[PlyCount "91"]
[EventDate "2005.11.01"]
[EventType "team-tourn"]
[EventRounds "9"]
[EventCountry "ISR"]
[SourceTitle "CBM 110"]
[Source "ChessBase"]
[SourceDate "2006.01.31"]
[SourceVersion "1"]
[SourceVersionDate "2006.01.31"]
[SourceQuality "1"]
[WhiteTeam "Ukraine"]
[BlackTeam "Russia"]
[WhiteTeamCountry "UKR"]
[BlackTeamCountry "RUS"]

1. d4 d5 2. Nf3 Nf6 3. c4 c6 4. Nc3 dxc4 5. a4 Bf5 6. Ne5 Nbd7 7. Nxc4 Qc7 8.
g3 e5 9. dxe5 Nxe5 10. Bf4 Nfd7 11. Bg2 g5 12. Ne3 gxf4 13. Nxf5 O-O-O 14. Qc2
Kb8 15. O-O-O {Dies ist ein neuer Versuch.} (15. gxf4 {gefällt mir nicht:} Nc4
16. e3 (16. Rd1 {sieht verständiger aus:} Rg8 17. Bf3 Bb4 (17... Qxf4 {
scheitert an} 18. Rd4 Qxh2 19. Kf1) 18. Nh6 {mit unkarem Spiel.}) 16... Nc5 17.
Nd4 (17. Rd1 Rxd1+ 18. Nxd1 Qa5+ 19. Qc3 Qxc3+ 20. bxc3 Nxa4 21. Bf3 {mit der
Absicht 22.Lh5 führt zu etwa gleichem Spiel.}) 17... Bg7 (17... Nxb2 {
scheitert an} 18. Nxc6+) 18. Nce2 Qa5+ 19. Kf1 (19. Qc3 Nd3+ 20. Kf1 Ndxb2 21.
Qxa5 (21. Nxc6+ bxc6 22. Qxg7 {ist natürlich ungesund:} Rhg8 23. Qc3 (23. Qf6
Qxa4) 23... Nd2+ 24. Kg1 Rxg2+ 25. Kxg2 Rg8+ 26. Kh3 Qh5#)) 19... Nd2+ 20. Kg1
Bxd4 21. Nxd4 Rxd4 22. exd4 Ncb3 23. Rd1 Rg8 24. Qd3 (24. Qxh7 Nf3+ 25. Kf1
Nbd2+ 26. Rxd2 Nxd2+ 27. Ke2 Re8+ 28. Kd3 Nb3 {überlebt Weiß auch nicht; aber
zäher war es doch..}) 24... Qd5 25. f3 Nxf3+ {0-1 Schenk,A-Gustafsson,J/
Lippstadt 2003/CBM 097/[Huebner,R] (25).}) (15. Rd1 {kommt in Betracht. Nach}
fxg3 16. hxg3 {steht Weiß ein bißchen günstiger im Vergleich zu dem Abspiel
mit 14...Sc5.}) (15. O-O {ist solide:} fxg3 16. hxg3 h5 (16... Bb4 17. Na2 Qa5
18. Nxb4 Qxb4 19. Rfc1 {hat Weiß die etwas bessere Stellung.}) (16... Nf6 17.
Rad1 Bc5 18. e3 Rxd1 19. Rxd1 Rd8 20. Ne4 Rxd1+ 21. Qxd1 Nxe4 22. Bxe4 a5 23.
b3 Ka7 24. Kg2 $14 {1-0 Adly,A-Frhat,A/Tanta 2003/CBM 097 ext (52). (51)}) 17.
Rfd1 Ng6 (17... Nc5 18. Rxd8+ Qxd8 19. b4 {mit großem Vorteil für Weiß.}) (
17... Bb4 18. Na2 Qb6 19. Nxb4 Qxb4 20. Rd4 {sieht auch nicht erfreulich für
Schwarz aus.}) 18. Rac1 h4 (18... Nde5 {sieht sinnvoll aus, um den Punkt c6
wieder zu schützen und erleichternden Turmtausch zu erzwingen.} 19. Nd5 Qa5 {
sieht nicht verderblich für Schwarz aus.}) 19. Nb5 Qb6 20. Nbd4 hxg3 (20...
Nde5 {.Nach} 21. a5 Qxa5 22. f4 h3 23. Be4 h2+ 24. Kg2 {verliert Schwarz eine
Figur, denn} Nd7 25. Nxc6+ bxc6 26. Qxc6 {führt zu nichts Gutem für Schwarz.})
21. a5 gxf2+ 22. Kf1 Qc7 (22... Qa6 23. Qb3 {, und Weiß gewinnt.}) 23. Qb3 Qh2
24. Nf3 Qf4 25. a6 Bb4 26. N5d4 c5 27. Qd5 Qc7 28. Qxf7 Nge5 (28... Nf4 29. Nb5
Rhf8 30. Qxf8 {rettet den Schwarzen nicht.}) 29. Nxe5 Qxe5 30. Qf3 Qc7 31. Ne6
Ne5 32. Rxd8+ Rxd8 33. Qe4 {1-0 Ernst,S-Smeets,J/Wijk aan Zee 2004/CBM 099/
[Huebner,R] (33).}) 15... fxg3 (15... Ng4 {kommt in Betracht.}) 16. hxg3 Bb4
17. f4 {Hiernach kann sich der Springer des Schwarzen auf g4 festsetzen.} (17.
Ne4 {sieht plausibler aus.}) 17... Ng4 18. Ne4 Qb6 19. Kb1 Nc5 {Die Aufgabe
des h-Bauern birgt ein Risiko.} (19... Ndf6 {ist wohl solider.}) 20. Rxd8+ Rxd8
21. Nxc5 Bxc5 22. Rxh7 Nf2 23. Ka2 Qb4 24. Qb3 Rd2 25. Qxb4 Bxb4 26. Kb3 a5 27.
Rxf7 Nd1 28. Bf3 Rxb2+ 29. Kc4 Rc2+ 30. Kd4 Nb2 31. g4 {Danach kann Schwarz
sich halten. Ich wage nicht zu entscheiden, wie die Sache ausgeht, wenn Weiß
auf das Opfer des f-Bauern verzichtet.} (31. Ke5 Bc3+ 32. Ke6 Nxa4 33. g4 (33.
Ne3 Nc5+ 34. Kd6 Rd2+ {bringt dem Weißen nichts ein.}) 33... Nc5+ 34. Kd6 Bb4 {
sieht nicht besonders wirksam aus.}) (31. Rh7 Rd2+ 32. Ke3 Nd1+ 33. Ke4 Nc3+
34. Ke5 Nxe2 {sollte auch haltbar für Schwarz sein.}) 31... Rc4+ 32. Ke5 Bc3+
33. Ke6 Rxf4 34. g5 Nxa4 35. g6 Nc5+ 36. Kd6 Na6 (36... Ne4+ 37. Bxe4 ({Auf} 
37. Ke7 Ng5 38. Rf8+ Kc7 39. g7 Bxg7 40. Nxg7 Rxf8 41. Kxf8 a4 {sollte Weiß
sich nicht einlassen.}) 37... Rxe4 38. e3 Rg4 39. g7 Ka7 {sieht noch einfacher
aus.}) 37. Ke7 (37. Ne7 Rd4+ 38. Ke6 (38. Bd5 Rd2 {, und Weiß muß Dauerschach
geben.}) 38... Nc5+ 39. Kf5 Rd2 40. g7 Bxg7 41. Rxg7 a4 {ist nicht besser für
Weiß.}) 37... a4 38. Nd6 Rb4 39. Ne4 (39. g7 Bxg7 40. Rxg7 a3 41. Rg1 a2 42.
Ra1 Rb2 43. Nc4 Rc2 44. Ne3 Rb2 $11) 39... Bb2 40. Nf6 (40. Rf6 Nc7 (40...
Bxf6+ 41. Nxf6 Rb5 42. Bd5 Rb1 43. Ng4 {wird Schwarz wahrscheinlich nicht
überleben.}) 41. g7 Rxe4+ 42. Bxe4 Bxf6+ 43. Kxf6 Ne8+ 44. Kf7 Nxg7 45. Kxg7
Kc7 46. Kf6 b5 47. Ke5 {dürfte zum Remis führen.}) (40. g7 Bxg7 41. Rxg7 a3 42.
Rg1 Kc7 43. Ra1 Rb3 {ist ebenfalls nicht gewinnträchtig für Weiß.}) 40... a3
41. g7 a2 (41... Ka7 {ist nicht besser, doch dürfte Schwarz sich auch danach
halten können:} 42. g8=Q (42. Rf8 {kann jetzt mit} Bxf6+ {beantwortet werden.})
42... a2 43. Nd7 a1=Q 44. Rf8 Nc7 45. Ra8+ Nxa8 46. Qb8+ Ka6 47. Qxa8+ Kb5 48.
Qxb7+ Kc4 49. Qxc6+ Kb3 50. Bd5+ Ka3 51. Qa6+ Ra4 52. Qd6+ Rb4 53. Nc5 Bc3 54.
Qc6 (54. Nd3 Qg1 {ist nicht wirksamer.}) 54... Qd1 55. Qa6+ Ra4 {usw.}) 42.
Rf8+ Kc7 $2 {Nötig ist} (42... Ka7 43. Ra8+ Kb6 44. Nd7+ Kb5 (44... Ka5 45.
g8=Q a1=Q 46. Qd8+ Kb5 47. Qc8 {kommt auf dasselbe hinaus.}) 45. g8=Q a1=Q 46.
Qc8 Kc4 47. Bxc6 Qg1 48. Bg2+ Nc5 49. Qg8+ Kc3 50. Qg3+ (50. Qg7+ Qd4 51. Qxd4+
Kxd4 52. e3+ Kc4 53. Rc8 b6 {führt zum Remis.}) 50... Kc2 51. Rc8 Bd4 52. Qd3+
Kc1 {und Schwarz sollte überleben.}) 43. g8=Q a1=Q 44. Nd5+ $2 ({Zum Gewinn
führt} 44. Nd7 Re4+ 45. Bxe4 Ba3+ 46. Ke8 Bxf8 47. Qxf8 $18) 44... cxd5 45. Qe6
({Auch nach} 45. Qxd5 Bf6+ 46. Rxf6 Kb8 {überlebt Schwarz.}) 45... Bf6+ 46.
Rxf6 {Nach 46...Kb8 kommt der König des Schwarzen auch hier in Sicherheit.}
1/2-1/2

[Event "Flamenco Veterans-Women"]
[Site "Marbella"]
[Date "1999.10.24"]
[Round "4"]
[White "Cramling, Pia"]
[Black "Smyslov, Vassily V"]
[Result "1/2-1/2"]
[WhiteElo "2504"]
[BlackElo "2485"]
[Annotator "Huebner,R"]
[PlyCount "120"]
[EventDate "1999.10.21"]
[EventType "schev"]
[EventRounds "10"]
[EventCountry "ESP"]
[SourceTitle "CBM 074"]
[Source "ChessBase"]
[SourceDate "2000.02.01"]
[SourceVersion "1"]
[SourceVersionDate "2000.02.01"]
[SourceQuality "1"]

1. d4 d5 2. Nf3 Nf6 3. c4 c6 4. Nc3 dxc4 5. a4 Bf5 6. Ne5 e6 7. f3 c5 8. e4 Bg6
9. Be3 cxd4 10. Qxd4 Qxd4 11. Bxd4 Nfd7 (11... a6 12. Bxc4 Nfd7 13. Nxd7 Kxd7
14. O-O-O Ke8 15. f4 Nc6 16. Bb6 Rc8 17. g4 h5 18. f5 Ne5 19. Bb3 Bh7 20. fxe6
fxe6 21. Bd4 Nxg4 22. Bxe6 Rc6 23. Bd5 Rc7 24. Bb6 Rd7 25. a5 $14 {1/2-1/2
Bagirov,R-Mirzoev,A/Baku 1997/EXT 99 (55)}) (11... Nc6 12. Nxc6 bxc6 13. Bxc4
Nd7 14. Ke2 e5 15. Be3 a5 16. Rhd1 Rb8 17. Rd2 Bb4 18. Rad1 Nf6 19. Rc2 $14 {
1-0 Cramling,P-Smyslov,V/Roquebrune 1998/CBM 67 noVC (70)}) 12. Nxd7 Nxd7 13.
Bxc4 Rc8 14. Ba2 a6 15. Ke2 Nb8 16. Rhd1 Nc6 17. Bb6 Bb4 18. Rd2 Ke7 19. Rad1
Nb8 20. Bf2 f6 21. Bg3 Be8 22. Rd4 a5 23. Bd6+ Bxd6 24. Rxd6 Bd7 25. Ke3 Rc6
26. R6d4 Rhc8 27. R1d2 Be8 28. Nb5 Bf7 29. Na7 e5 30. Nxc6+ bxc6 31. R4d3 $5 ({
Andere Versuche versprechen nicht mehr:} 31. Rd8 Rxd8 32. Rxd8 Kxd8 33. Bxf7
Nd7 34. b3 $11) (31. Rc4 Na6 32. Rdc2 Bxc4 33. Bxc4 Nb4 $11) 31... Bxa2 32. b3
Na6 (32... Bb1 {ist nicht besser; nach} 33. Rc3 Rd8 34. Rc1 Rxd2 35. Kxd2 Ba2
36. Ra1 Bxb3 37. Rb1 Bxa4 38. Rxb8 Bb5 39. Rb7+ Kf8 40. Ra7 a4 41. g3 {ist
nicht klar, ob Schwarz remis halten kann.}) 33. Rd7+ Ke8 34. Ra7 ({
Gewinnaussichten bot auch die Fortsetzung} 34. Rxg7 Bxb3 35. Rdd7 ({Weniger
wirksam ist} 35. Rxh7 {; Schwarz antwortet} Rc7) 35... Nc5 36. Ra7 Nxa4 37.
Rxh7 Bg8 38. Rh8 Kf8 39. Rh6 Nb2 40. Rxf6+ Ke8 41. Ke2 a4 42. Rf5) 34... Nb4
35. Rxa5 $6 ({Nicht überzeugend ist die Fortsetzung} 35. Rxg7 Bxb3 36. Rxh7
Nc2+ 37. Kf2 Nd4 38. Rh8+ Kd7 39. Rxc8 Kxc8 40. h4 Kd7 {, und Schwarz steht
keinesfalls schlechter, denn Weiß kann seinen Turm nicht wirksam ins Spiel
bringen.}) (35. Rdd7 {war die angewiesene Fortsetzung:} Ra8 (35... Bxb3 36.
Rxg7 Nc2+ 37. Kf2 Nd4 38. Rxh7 Bg8 39. Rh8 Kf8 40. Rh6 {sieht auch nicht
günstig für Schwarz aus.}) 36. Re7+ Kf8 37. Rf7+ Ke8 38. Rae7+ Kd8 39. Rb7 Ke8
40. Rxg7 Bxb3 41. Rxh7 Kf8 42. Rh8+ Bg8 43. Rh6 {und es ist fraglich, ob
Schwarz überleben kann.}) 35... Bxb3 36. Rb2 Nc2+ 37. Kd2 Nd4 38. Ra7 c5 (38...
Kf8 39. Kc3 {Weiß dürfte genug Aktivität besitzen, um den Ausgleich wahren zu
können.}) 39. Rxg7 Ra8 $6 (39... c4 40. Rg8+ (40. Kc3 Ne6 {ist nicht besser
für Weiß.}) 40... Kd7 41. Rxc8 Kxc8 42. Kc3 Kc7 {führt zu einer ausgeglichenen
Stellung.}) 40. Kc3 Rxa4 41. Rxb3 Nxb3 42. Kxb3 Rb4+ 43. Kc3 h5 44. Rh7 Ra4 45.
Rxh5 Ra2 46. Rf5 Ke7 47. g4 Rxh2 48. g5 fxg5 49. Rxe5+ Kf6 50. Rxc5 Rh3 51.
Rf5+ Ke6 52. Kc4 Rg3 53. Kd4 Rh3 54. Re5+ Kf6 55. Rf5+ Ke6 56. Rxg5 Rxf3 57.
Rg6+ Kf7 58. Ra6 Rf1 59. Ke5 Rb1 60. Kf5 Rf1+ 1/2-1/2

[Event "Munich SKA"]
[Site "Munich"]
[Date "1992.??.??"]
[Round "4"]
[White "Gelfand, Boris"]
[Black "Huebner, Robert"]
[Result "1/2-1/2"]
[WhiteElo "2665"]
[BlackElo "2615"]
[Annotator "Huebner,R"]
[PlyCount "115"]
[EventDate "1992.05.??"]
[EventType "tourn"]
[EventRounds "11"]
[EventCountry "GER"]
[EventCategory "14"]
[SourceTitle "CBM 030"]
[Source "ChessBase"]
[SourceDate "1992.10.01"]
[SourceVersion "1"]
[SourceVersionDate "1992.10.01"]
[SourceQuality "1"]

1. d4 {Hertneck} d5 2. Nf3 Nf6 3. c4 c6 4. Nc3 dxc4 5. a4 Bf5 6. Ne5 e6 7. f3
Bb4 8. e4 Bxe4 9. fxe4 Nxe4 10. Bd2 Qxd4 11. Nxe4 Qxe4+ 12. Qe2 Bxd2+ 13. Kxd2
Qd5+ 14. Kc3 O-O $146 (14... b5 15. Rd1 Qc5 16. axb5 cxb5 17. Qe4 (17. Nxf7 b4+
18. Kc2 Qf5+ 19. Kc1 Kxf7 $13) 17... O-O 18. Qxa8 (18. Kc2 Na6 19. Nd7 Nb4+ $13
) 18... Qxe5+ 19. Kc2 Qc7 {Levitt} (19... Na6 {Hertneck} 20. Qf3 Nb4+ 21. Kb1
$16) 20. Qf3 Nc6 21. Kb1 $16) (14... Na6 {Hertneck} 15. Nxc4 O-O (15... O-O-O
$6 16. Qe3 $1 Kb8 17. Qg3+ Nc7 (17... Ka8 18. Qxg7 $16) 18. Be2 b5 19. axb5 $1
$16 {Milos,G-Godena,M, Novi Sad ol 1990, 50/408}) 16. Qe5 Nc5 17. Be2 f6 $6 (
17... Rfd8 18. Rhd1 Qxe5+ 19. Nxe5 Rd5 $44) 18. Qe3 $1 b5 19. Rhd1 b4+ 20. Kxb4
Rab8+ 21. Ka3 $16) 15. Qe3 (15. Rd1 Qa5+) (15. Nxc4 b5 16. Ne5 (16. Ne3 Qc5+
17. Kb3 Nd7 $17) 16... Na6 (16... a5 {/\ Na6-/+}) 17. axb5 Nc5 18. Nxc6 Qb3+
19. Kd4 Rfd8+ 20. Nxd8 Rxd8+ 21. Kxc5 Rd5+ $2 (21... Rc8+ $10) 22. Kc6 $18)
15... b5 16. axb5 cxb5 17. Be2 Nd7 18. Nxd7 Qxd7 19. Bf3 Rac8 {/\ b4} (19...
b4+ 20. Kxc4 Rac8+ 21. Kb3 $16) 20. Rxa7 b4+ 21. Kc2 (21. Kxb4 $2 Rb8+ (21...
Qd6+ $1 {Hertneck} 22. Ka4 (22. Kc3 Rb8 $40) 22... Rb8 23. Qc3 Rb3 24. Qxc4
Rfb8 $40) 22. Ka3 Qd6+ 23. Ka2 Rb3 24. Qf2 (24. Qe2 $16) 24... Rfb8 $19) 21...
Qb5 (21... Qd6 22. g3 b3+ $6 23. Kc3 Rb8 24. Ra4 $16) (21... Qd8 22. Rd1 Qf6
23. Qd4 $16) 22. Rd1 b3+ (22... g6 23. Rdd7 b3+ 24. Kc3 Rb8 25. Rdb7 $18) (
22... c3 23. b3 {/\ Be2-c4, Ra4, Rd4 +/-}) 23. Kb1 (23. Kc3 $2 Rb8) 23... g6 {
/\ 24... Qf5 25.Be4 Qe5} 24. g4 {>< f5} (24. Rdd7 Qf5+ 25. Qe4 (25. Ka1 c3 26.
bxc3 Qc2) 25... Qxe4+ 26. Bxe4 c3 $10) 24... Qb8 {/\ 25... Qh2, 25... c3} 25.
Ra4 Qxh2 $5 (25... Qb5 26. Ra7 Qb8 $10) 26. Rc1 c3 27. bxc3 (27. Rxc3 Rxc3 28.
Qxc3 Qg1+ 29. Qc1 Qf2 (29... Qb6 $13) 30. Bd1) 27... Rfd8 28. Qe2 (28. Ra3 $2
Rb8 {/\ Rd2}) (28. Be2 Ra8 (28... Rd5 29. Kb2 Re5 30. Re4 $16) 29. Rxa8 Rxa8
30. Rd1 Qc7 {/\ Qa5} 31. c4 Ra2 32. Bf3 Rc2 (32... Qxc4 33. Rd8+ Kg7 34. Qe5+
f6 35. Rd7+ Kh6 36. g5+ fxg5 37. Qg7#) 33. Qxb3 Rxc4 34. Rd8+ $10) 28... Qh6 {
>< d2} 29. Qe5 $6 (29. Rd1 Rxd1+ 30. Qxd1 Qe3 31. c4 $13) 29... Qd2 30. Qe2 Qg5
31. Rd1 Rxc3 32. Rxd8+ Qxd8 33. Ra8 Rc8 34. Rxc8 Qxc8 35. Kb2 Qb8 36. Qe3 Kg7
37. Qc3+ Kg8 (37... e5 38. Bd5) 38. Qxb3 (38. Bd1 $10) 38... Qxb3+ 39. Kxb3 Kg7
(39... h6 40. Kc4 Kg7 41. Kd4 Kf6 42. Bc6 Kg5 $140 43. Be8 f5 44. gxf5 exf5 45.
Ke3 $10) 40. g5 h6 41. gxh6+ Kxh6 42. Kc3 Kg5 43. Bc6 e5 (43... f5 44. Be8 Kf6
45. Kd4 e5+ 46. Ke3 {Siehe 43... e5}) 44. Kd3 f5 45. Ke3 Kf6 46. Be8 e4 (46...
g5 47. Bd7 g4 48. Kf2 (48. Bc8 $10) 48... Kg5 49. Bc8 e4 (49... f4 50. Bb7 Kf6
(50... Kf5 51. Bc8+) (50... Kh4 51. Kg2 f3+ 52. Kf2 Kh3 53. Bc8 e4 54. Bf5 e3+
55. Kxe3 Kg3 56. Be4) 51. Be4 Ke6 52. Ke2 Kd6 53. Bf5 g3 54. Kf3 Kd5 55. Bh3
$10) 50. Bb7 Kh4 (50... Kf4 51. Bc8) 51. Kg2 $10 g3 (51... e3 52. Ba6 Kg5 (
52... f4 53. Be2 $10) 53. Be2 (53. Bd3 Kf4 54. Be2 Ke4 55. Kg3 $10) 53... Kf4
54. Bd3 Ke5 55. Kg3 $10) 52. Bc6 Kg4 53. Bd7 e3 (53... Kf4 54. Bc8 e3 55. Ba6
Ke4 56. Kxg3 f4+ 57. Kg4 $10) 54. Bb5 f4 55. Be2+ Kf5 56. Kf3 Ke5 57. Bf1 Kd4
58. Ke2 $10) 47. Kd4 g5 48. Bb5 g4 49. Bf1 Kg5 50. Ke3 Kh4 (50... g3 51. Bh3
$10) 51. Kf4 e3 52. Kxe3 Kg3 53. Bb5 f4+ 54. Ke2 Kg2 55. Bc6+ f3+ 56. Ke3 Kg3
57. Bd5 f2 58. Ke2 1/2-1/2